| 000 | 00908nam a22002897a 4500 | ||
|---|---|---|---|
| 001 | 9745 | ||
| 003 | FISKH | ||
| 005 | 20260204142636.0 | ||
| 008 | 260204b cb ||||| |||| 00| 0 eng d | ||
| 020 | _a670629758 | ||
| 040 |
_aFISKH _beng _cFISKH _dFISKH |
||
| 050 | _aPZ7 .C5296 .S | ||
| 082 | _a823 | ||
| 100 | _aClark , Ann Nolan | ||
| 245 |
_aSecret of the Andes : _cBy Ann Nolan Clark with Drawings by Jean Charlot |
||
| 250 | _aFirst published in 1952 | ||
| 260 |
_aNew Jersey : _bTroll Associates , _c1952 . |
||
| 300 |
_a130 pages : _billustrations ; _c19 cm . |
||
| 505 | _aR | ||
| 520 | _aAn Indian boy who tends llamas in a hidden valley in Peru learns the traditions and secrets of his Inca ancestors. | ||
| 521 | 8 |
_a710
_bLexile |
|
| 521 | 8 |
_aR
_bRaz-Plus |
|
| 650 |
_aSouth America _vFiction |
||
| 650 |
_aMountain _vFiction |
||
| 942 |
_2ddc _cBK _n0 |
||
| 999 |
_c9745 _d9745 |
||